000 00415nam a2200133Ia 4500
005 20260430133757.0
008 260429s9999||||xx |||||||||||||| ||und||
082 _a289.2
_bEDM
100 _aEdwards, Josephine Cunnington
245 0 _aPioneers together :
_ba biography of the Roy F. Cottrells /
_cJosephine Cunnington Edwards
260 _aUSA :
_bSouthern Publishing,
_c1967.
300 _a238 p.; hb
942 _cTB
999 _c53954
_d53954